Sociology of mass communication (Record no. 2579)

000 -LEADER
fixed length control field 00568nam a22001457a 4500
020 ## - INTERNATIONAL STANDARD BOOK NUMBER
International Standard Book Number 9789351116257
082 ## - DEWEY DECIMAL CLASSIFICATION NUMBER
Classification number 301.1608
100 ## - MAIN ENTRY--PERSONAL NAME
Personal name Dr.Poonam Rani
245 ## - TITLE STATEMENT
Title Sociology of mass communication
260 ## - PUBLICATION, DISTRIBUTION, ETC.
Place of publication, distribution, etc. New delhi
Name of publisher, distributor, etc. Random publications
Date of publication, distribution, etc. 2015
300 ## - PHYSICAL DESCRIPTION
Extent 295p
942 ## - ADDED ENTRY ELEMENTS (KOHA)
Koha item type Book
Holdings
Withdrawn status Lost status Damaged status Not for loan Collection code Permanent Location Current Location Shelving location Date acquired Total Checkouts Full call number Barcode Date last seen Price effective from Koha item type
          Central Library (CL) Central Library (CL) General Stacks 02/25/2016   301.1608 RAN S3H-S-697 02/25/2016 02/25/2016 Book
          Central Library (CL) Central Library (CL) General Stacks 05/16/2016   301.1608 RAN S3H-S-435 05/16/2016 05/16/2016 Book
© 2023 Central Library, National University of Sciences and Technology. All Rights Reserved.